[Event "EuTCh"]
[Site "Leon ESP"]
[Date "2001.11.10"]
[Round "5"]
[White "Kovalev,A"]
[Black "Supatashvili,K"]
[Result "1-0"]
[WhiteElo "2539"]
[BlackElo "2515"]
[EventDate "2001.11.06"]

1. e4 c5 2. Nf3 d6 3. d4 cxd4 4. Nxd4 Nf6 5. Nc3 Nc6 6. Bg5 e6 7. Qd2 a6 8.
O-O-O Be7 9. Bxf6 gxf6 10. f4 Nxd4 11. Qxd4 b5 12. e5 d5 13. Kb1 Bb7 14. f5
fxe5 15. Qxe5 Bf6 16. Qg3 Qe7 17. fxe6 fxe6 18. Be2 h5 19. a4 h4 20. Qg6+
Qf7 21. Qd3 O-O 22. Bg4 b4 23. Qe2 e5 24. Ne4 Be7 25. Nd2 e4 26. Nb3 Kh8
27. Rhf1 Qg6 28. Na5 Bc6 29. Bh5 Qe6 30. Nxc6 Qxc6 31. Bf7 Qh6 32. Rxd5 Bg5
33. Qxe4 Qg7 34. Qg4 Bh6 35. Qxh4 Ra7 36. Rd6 Kh7 37. Rxh6+ 1-0

[Event "EuTCh"]
[Site "Leon ESP"]
[Date "2001.11.10"]
[Round "5"]
[White "Jobava,Ba"]
[Black "Dydyshko,V"]
[Result "1-0"]
[WhiteElo "2556"]
[BlackElo "2516"]
[EventDate "2001.11.06"]

1. c4 e5 2. Nc3 Nf6 3. Nf3 Nc6 4. g3 Bc5 5. Bg2 d6 6. O-O a6 7. a3 O-O 8.
b4 Ba7 9. d3 h6 10. Bb2 Rb8 11. Rc1 Be6 12. h3 Qd7 13. Kh2 b5 14. Nd2 Ne7
15. e4 Bd4 16. cxb5 axb5 17. Nf3 c5 18. Nxd4 cxd4 19. Nb1 Rfc8 20. f4 Qe8
21. Nd2 Kh8 22. Nf3 Rxc1 23. Bxc1 Nc6 24. Qe1 Nh7 25. g4 f6 26. Qg3 g5 27.
fxg5 fxg5 28. h4 Qe7 29. hxg5 hxg5 30. Qh3 Kg8 1-0

[Event "EuTCh"]
[Site "Leon ESP"]
[Date "2001.11.10"]
[Round "5"]
[White "Smetankin,S"]
[Black "Mchedlishvili,M"]
[Result "1/2-1/2"]
[WhiteElo "2443"]
[BlackElo "2518"]
[EventDate "2001.11.06"]

1. e4 c5 2. Nf3 d6 3. d4 cxd4 4. Nxd4 Nf6 5. Nc3 Nc6 6. Be2 e5 7. Nb3 Be7
8. O-O O-O 9. f4 exf4 10. Bxf4 Be6 11. Kh1 Ne8 12. Qe1 Bf6 13. Rd1 Be5 14.
Be3 Rc8 15. Nc5 Qe7 16. Nxe6 fxe6 17. Rxf8+ Kxf8 18. Bg4 Rd8 19. Qd2 Kg8
20. b3 Nf6 21. Bf3 a6 22. Ne2 b5 23. c3 d5 24. Bb6 Rd7 25. exd5 exd5 26.
Nf4 Bxf4 27. Qxf4 Qe5 28. g3 Qxf4 29. gxf4 Ne7 30. Bd4 Kf7 31. Kg2 Nf5 32.
Bf2 Re7 33. Bxd5+ Nxd5 34. Rxd5 Ne3+ 35. Bxe3 Rxe3 36. Rd7+ Kf8 37. c4 bxc4
38. bxc4 Re2+ 39. Kf3 Rxa2 40. Ke4 Rxh2 41. c5 Rg2 42. Ra7 Ke8 43. Kd5 h5
44. Kd6 Rg6+ 45. Kd5 h4 46. c6 h3 47. Ra8+ Ke7 48. c7 h2 49. Re8+ Kf7 50.
Rf8+ Ke7 1/2-1/2

[Event "EuTCh"]
[Site "Leon ESP"]
[Date "2001.11.10"]
[Round "5"]
[White "Cvitan,O"]
[Black "Socko,B"]
[Result "1/2-1/2"]
[WhiteElo "2550"]
[BlackElo "2564"]
[EventDate "2001.11.06"]

1. c4 g6 2. g3 Bg7 3. Bg2 d6 4. Nc3 Nf6 5. d4 O-O 6. Nf3 Nc6 7. O-O a6 8.
d5 Na5 9. Nd2 c5 10. Qc2 Rb8 11. b3 b5 12. Rb1 e5 13. cxb5 axb5 14. b4 cxb4
15. Rxb4 Bd7 16. Qb1 Qc7 17. Bb2 Nc4 18. Nxc4 1/2-1/2

[Event "EuTCh"]
[Site "Leon ESP"]
[Date "2001.11.10"]
[Round "5"]
[White "Markowski,T"]
[Black "Zelcic,R"]
[Result "1/2-1/2"]
[WhiteElo "2550"]
[BlackElo "2547"]
[EventDate "2001.11.06"]

1. g3 e5 2. c4 Nf6 3. Bg2 d5 4. cxd5 Nxd5 5. Nf3 Nc6 6. O-O Nb6 7. Nc3 Be7
8. d3 O-O 9. a3 Re8 10. b4 a5 11. b5 Nd4 12. Nxd4 exd4 13. Na4 Nxa4 14.
Qxa4 Bc5 15. Re1 Bb6 16. Bf4 h6 17. Rac1 Re7 18. h4 Qe8 19. Bf3 Rb8 20. Rc2
Bd7 21. Rb1 Be6 22. Rbc1 Qd8 23. Bd2 Kh7 24. Be4+ f5 25. Bf3 Bd5 26. Bxa5
Ra8 27. Bxd5 Qxd5 28. Qb4 Rae8 29. Bxb6 cxb6 30. Rc4 Rxe2 31. Rxd4 Qa2 32.
Rf1 Rb2 33. Qc4 Qxa3 34. Rd7 Re7 35. Rd8 Qb3 36. Qc8 Qe6 37. Qb8 Re2 38.
Qf4 Qe5 39. Qc4 Qe6 40. Qxe6 R7xe6 41. Rc1 h5 42. Rc4 R2e5 43. Rb4 Rc5 44.
Rd7 Ree5 45. Rxb7 Rxb5 46. Rxb6 Rbd5 47. Rb3 Re1+ 48. Kg2 Rd1 49. Kf3
R1xd3+ 50. Rxd3 Rxd3+ 51. Kf4 Rd2 52. f3 Rd3 53. Re6 Rb3 54. Ra6 1/2-1/2

[Event "EuTCh"]
[Site "Leon ESP"]
[Date "2001.11.10"]
[Round "5"]
[White "Golubovic,B"]
[Black "Grabarczyk,M"]
[Result "1/2-1/2"]
[WhiteElo "2458"]
[BlackElo "2489"]
[EventDate "2001.11.06"]

1. c4 c5 2. Nc3 Nc6 3. g3 g6 4. Bg2 Bg7 5. a3 Nf6 6. Rb1 a5 7. d3 d6 8. e3
O-O 9. Nge2 e5 10. O-O Bf5 11. h3 Nd7 12. Nd5 Nb6 13. Nec3 Nxd5 14. Nxd5
Ra7 15. Kh2 Ne7 16. Nc3 Nc6 17. b3 Qd7 18. Qc2 Ra6 19. Bd2 Be6 20. Ne4 Qe7
21. Nc3 Qd7 22. Nd5 Rb8 23. Bc3 Ne7 24. Nxe7+ Qxe7 25. b4 axb4 26. axb4 Ra7
27. bxc5 dxc5 28. Rb5 b6 29. Rfb1 Qd6 30. f4 exf4 31. exf4 1/2-1/2

[Event "EuTCh"]
[Site "Leon ESP"]
[Date "2001.11.10"]
[Round "5"]
[White "Ivanchuk,V"]
[Black "Moreno Carnero,J"]
[Result "1/2-1/2"]
[WhiteElo "2731"]
[BlackElo "2514"]
[EventDate "2001.11.06"]

1. d4 Nf6 2. c4 g6 3. Nc3 Bg7 4. e4 d6 5. Nf3 O-O 6. Be2 Na6 7. O-O e5 8.
Rb1 exd4 9. Nxd4 Re8 10. f3 c6 11. Bg5 h6 12. Bh4 Nc5 13. Re1 a5 14. Bf1 a4
15. Qd2 Qb6 16. Bf2 Nfd7 17. Nc2 Qc7 18. Red1 h5 19. Kh1 Be5 20. b4 axb3
21. axb3 Qd8 22. Bd4 Qf6 23. Bxe5 dxe5 24. b4 Ne6 25. c5 h4 26. Qf2 Qg5 27.
Ne3 Nf6 28. Nc4 1/2-1/2

[Event "EuTCh"]
[Site "Leon ESP"]
[Date "2001.11.10"]
[Round "5"]
[White "Arizmendi Martinez,J"]
[Black "Baklan,V"]
[Result "1/2-1/2"]
[WhiteElo "2503"]
[BlackElo "2590"]
[EventDate "2001.11.06"]

1. e4 e6 2. d4 d5 3. Nc3 Nf6 4. Bg5 dxe4 5. Nxe4 Be7 6. Bxf6 Bxf6 7. Nf3
O-O 8. Qd2 Nd7 9. O-O-O b6 10. Bc4 Bb7 11. Rhe1 Bd5 12. Bxd5 exd5 13. Ng3
Re8 14. Qf4 Rxe1 15. Rxe1 g6 16. h4 c5 17. Qd6 Nf8 18. Qxd8 Rxd8 19. dxc5
bxc5 20. h5 Ne6 21. hxg6 hxg6 22. Nf1 a5 23. Ne3 a4 24. Rd1 a3 25. bxa3 Nf4
26. Kd2 Kg7 27. g3 Ne6 28. Ke2 Nc7 29. Rb1 c4 30. Rb7 Ne6 31. Rb5 Nc7 32.
Rb7 Ne6 33. Rb5 Nc7 1/2-1/2

[Event "EuTCh"]
[Site "Leon ESP"]
[Date "2001.11.10"]
[Round "5"]
[White "Lopez Martinez,J"]
[Black "Volokitin,A"]
[Result "1-0"]
[WhiteElo "2474"]
[BlackElo "2566"]
[EventDate "2001.11.06"]

1. Nf3 Nf6 2. c4 g6 3. d4 Bg7 4. Nc3 O-O 5. e4 d6 6. Be2 e5 7. O-O Nc6 8.
d5 Ne7 9. Ne1 Nd7 10. Be3 f5 11. f3 f4 12. Bf2 g5 13. Rc1 Rf6 14. c5 Nxc5
15. b4 Na6 16. Nd3 Rh6 17. a4 Qe8 18. Kh1 c6 19. b5 Nc7 20. dxc6 bxc6 21.
Nb4 c5 22. Nbd5 Nexd5 23. Nxd5 Ne6 24. b6 Kh8 25. Bb5 Qf7 26. Rb1 Rb8 27.
a5 Nd4 28. bxa7 Qxa7 29. Bc4 Rxb1 30. Qxb1 g4 31. fxg4 f3 32. Qb6 Qd7 33.
gxf3 Nxf3 34. Bg3 Bf6 35. Rxf3 Qxg4 36. Rxf6 Qxe4+ 37. Kg1 Qd4+ 38. Rf2 Be6
39. Qd8+ Bg8 40. Ne7 Qxc4 41. Nxg8 1-0

[Event "EuTCh"]
[Site "Leon ESP"]
[Date "2001.11.10"]
[Round "5"]
[White "Kolev,At"]
[Black "Miezis,N"]
[Result "1-0"]
[WhiteElo "2571"]
[BlackElo "2501"]
[EventDate "2001.11.06"]

1. e4 c5 2. Nf3 e6 3. d4 cxd4 4. Nxd4 a6 5. Nc3 Qc7 6. Bd3 Nc6 7. Be3 Nf6
8. O-O h5 9. h3 Nxd4 10. Bxd4 Bc5 11. Bxc5 Qxc5 12. Na4 Qc7 13. c4 d6 14.
Rc1 Bd7 15. Nc3 Qc5 16. a3 g5 17. Qf3 Qe5 18. Qe3 Ke7 19. Rfe1 Rhc8 20.
Rcd1 h4 21. Qd2 Qf4 22. Re3 Kf8 23. Bf1 Rc6 24. Ne2 Nxe4 25. Qe1 Qxf2+ 26.
Qxf2 Nxf2 27. Kxf2 Rxc4 28. Rxd6 Ke7 29. Rd2 g4 30. hxg4 Rxg4 31. Nd4 Rf4+
32. Nf3 Rc8 33. Rd4 1-0

[Event "EuTCh"]
[Site "Leon ESP"]
[Date "2001.11.10"]
[Round "5"]
[White "Cheparinov,I"]
[Black "Meijers,V"]
[Result "1-0"]
[WhiteElo "2461"]
[BlackElo "2465"]
[EventDate "2001.11.06"]

1. d4 d5 2. c4 e6 3. Nc3 Nf6 4. cxd5 exd5 5. Bg5 Be7 6. e3 Nbd7 7. Bd3 O-O
8. Nge2 b6 9. Ng3 g6 10. h4 c5 11. Qf3 Bb7 12. O-O-O Re8 13. Kb1 a6 14. h5
cxd4 15. exd4 Ne4 16. hxg6 hxg6 17. Ngxe4 dxe4 18. Qh3 Bf6 19. Bc4 Nf8 20.
Qh4 1-0

[Event "EuTCh"]
[Site "Leon ESP"]
[Date "2001.11.10"]
[Round "5"]
[White "Stefansson,H"]
[Black "Damljanovic,B"]
[Result "1-0"]
[WhiteElo "2575"]
[BlackElo "2569"]
[EventDate "2001.11.06"]

1. e4 c5 2. Nf3 Nc6 3. d4 cxd4 4. Nxd4 Nf6 5. Nc3 d6 6. Bg5 e6 7. Qd2 a6 8.
O-O-O Bd7 9. f3 Be7 10. h4 h6 11. Be3 h5 12. Kb1 Ne5 13. Bg5 b5 14. Qe1 b4
15. Nce2 a5 16. Ng3 Qb6 17. Be2 Rc8 18. Nf1 Nc4 19. Ne3 Nxe3 20. Bxe3 Qb8
21. Ba6 Rc7 22. Qg3 O-O 23. Bh6 g6 24. Bd3 Kh7 25. Bxf8 Bxf8 26. f4 Qb6 27.
Nf3 Ng4 28. f5 Qf2 29. fxg6+ Kxg6 30. e5+ Kg7 31. Qf4 Qe3 32. Qxe3 Nxe3 33.
Rde1 Ng4 34. Rhf1 Be8 35. exd6 Bxd6 36. Ng5 Re7 37. Ne4 Be5 38. Re2 Bc6 39.
Nf2 1-0

[Event "EuTCh"]
[Site "Leon ESP"]
[Date "2001.11.10"]
[Round "5"]
[White "Ilincic,Z"]
[Black "Gunnarsson,J"]
[Result "1/2-1/2"]
[WhiteElo "2521"]
[BlackElo "2386"]
[EventDate "2001.11.06"]

1. d4 Nf6 2. c4 c5 3. d5 b5 4. cxb5 a6 5. bxa6 g6 6. Nc3 Bxa6 7. g3 d6 8.
Bg2 Bg7 9. Rb1 Nbd7 10. a4 Ne5 11. b3 O-O 12. Nh3 Qd7 13. O-O Rfb8 14. Nf4
Ra7 15. Bh3 Qd8 16. Ng2 Rab7 17. Ba3 Neg4 18. Qc2 Qd7 19. Nf4 g5 20. Ng2
Ne3 21. Nxe3 Qxh3 22. Rfe1 Ng4 23. Nxg4 Qxg4 24. Na2 f5 25. Bb2 Bxb2 26.
Rxb2 Bc4 27. Nc3 Bxb3 28. Qd2 h6 29. Ra1 Qd4 30. Qc1 Rb4 31. Rd2 Qf6 32. a5
Bc4 33. Rc2 Ba6 34. Qe3 Rb3 35. Qc1 R8b4 36. Ra3 Qd4 37. Rxb3 Rxb3 38. Qe3
Qxe3 39. fxe3 Kf7 40. Kf2 Kf6 41. Ke1 Ra3 42. Rc1 Rxa5 43. Rb1 Bc4 44. Kd2
Ra8 45. g4 fxg4 46. e4 h5 47. Rf1+ Kg6 48. Ke3 h4 49. e5 Ra3 50. exd6 exd6
51. Kd2 g3 52. hxg3 h3 53. Rf8 Kg7 54. Rf2 Rxc3 55. Kxc3 Bxd5 56. Rf5 Bg2
57. Rxg5+ Kh6 58. Rg4 d5 59. e3 Kh5 60. Rh4+ Kg5 61. Kd2 Kf5 62. Ke2 c4 63.
Kd2 Kg5 64. Kc3 Kf5 65. Kd4 Kg5 66. e4 Bxe4 67. Rxh3 Kg4 68. Rh4+ Kxg3 69.
Rxe4 dxe4 70. Kxe4 1/2-1/2

[Event "EuTCh"]
[Site "Leon ESP"]
[Date "2001.11.10"]
[Round "5"]
[White "Thorfinnsson,Br"]
[Black "Ivanisevic,I"]
[Result "0-1"]
[WhiteElo "2393"]
[BlackElo "2547"]
[EventDate "2001.11.06"]

1. d4 Nf6 2. c4 c6 3. Nf3 d5 4. Nc3 e6 5. Bg5 dxc4 6. e4 b5 7. e5 h6 8. Bh4
g5 9. Nxg5 hxg5 10. Bxg5 Nbd7 11. exf6 Bb7 12. Be2 Nxf6 13. Bf3 Be7 14. Qe2
Qc7 15. a4 b4 16. Bxf6 Bxf6 17. Ne4 Bxd4 18. Qxc4 c5 19. Qb5+ Ke7 20. Rd1
Bc6 21. Qe2 Rad8 22. g3 Qe5 23. Rd2 Rh6 24. h4 a5 25. Kf1 f5 26. Ng5 Qxe2+
27. Rxe2 Bxa4 28. Kg2 Bb5 29. Rd2 e5 30. Re1 c4 31. Rxd4 Rxd4 32. Rxe5+ Kd7
33. Rxb5 Ra6 34. Rxf5 a4 35. Rf7+ Ke8 36. Bb7 Rb6 37. Bc8 b3 38. Ra7 c3 39.
bxc3 Rd5 40. Bg4 b2 41. Bh5+ Kd8 42. Nf7+ Kc8 43. Bf3 Rd3 44. Ra8+ Rb8 45.
Bg4+ Kc7 46. Rxa4 Rb3 47. Rc4+ Kb6 48. Ne5 b1=Q 49. Nxd3 Qxd3 50. Rf4 Rxc3
51. Rf6+ Kc5 52. h5 Rc1 53. h6 Qf1+ 54. Kf3 Qd1+ 0-1

[Event "EuTCh"]
[Site "Leon ESP"]
[Date "2001.11.10"]
[Round "5"]
[White "Kovacevic,A"]
[Black "Kristjansson,S"]
[Result "1/2-1/2"]
[WhiteElo "2553"]
[BlackElo "2374"]
[EventDate "2001.11.06"]

1. e4 e6 2. d4 d5 3. Nc3 Bb4 4. e5 Ne7 5. a3 Bxc3+ 6. bxc3 c5 7. Qg4 Kf8 8.
a4 Qc7 9. Nf3 cxd4 10. Qxd4 Kg8 11. Ba3 Nf5 12. Qc5 Qxc5 13. Bxc5 b6 14.
Ba3 h5 15. a5 Nc6 16. axb6 axb6 17. Bd3 f6 18. exf6 gxf6 19. c4 dxc4 20.
Bxc4 Kf7 21. Bb2 Rxa1+ 22. Bxa1 Na5 23. Be2 Bb7 24. O-O Rc8 25. Nd4 Ng7 26.
f4 Nc4 27. Rb1 Ne3 28. Rxb6 Bd5 29. c4 Nxc4 30. Ra6 Ne3 31. Ra7+ Kg8 32.
Bf3 Bxf3 33. Nxf3 Rc1+ 34. Kf2 Nd5 35. Ra2 Nf5 36. g3 Nb4 37. Ra8+ Kf7 38.
Nd2 Rh1 39. Nf1 h4 40. Kg2 Rxf1 41. Kxf1 hxg3 42. hxg3 Nxg3+ 43. Kg2 Nh5
1/2-1/2

[Event "EuTCh"]
[Site "Leon ESP"]
[Date "2001.11.10"]
[Round "5"]
[White "Shaw,J"]
[Black "Salmensuu,O"]
[Result "1-0"]
[WhiteElo "2499"]
[BlackElo "2436"]
[EventDate "2001.11.06"]

1. e4 Nc6 2. Nf3 f5 3. exf5 d5 4. d4 Bxf5 5. Bb5 Qd6 6. Ne5 Nf6 7. O-O Nd7
8. Bxc6 bxc6 9. Qf3 Nxe5 10. Qxf5 Nf7 11. Bf4 Qd7 12. Qxd7+ Kxd7 13. Nd2 e6
14. Nb3 Bd6 15. Bg3 a5 16. a4 Rhb8 17. Rfe1 Rb4 18. Re2 Rab8 19. f3 Rc4 20.
Be1 c5 21. dxc5 Bxc5+ 22. Nxc5+ Rxc5 23. b3 d4 24. Rd1 Rd5 25. Re4 d3 26.
Rxd3 Rxd3 27. cxd3 Rxb3 28. Rd4+ Kc6 29. Bxa5 Ne5 30. h4 Rxd3 31. Re4 Rd5
32. Bc3 Kd6 33. a5 Nc6 34. a6 g6 35. Rf4 Ke7 36. Bf6+ Ke8 37. Ra4 Na7 38.
Bd4 c5 39. Bf2 Kd7 40. Rf4 Ke7 41. g4 h6 42. Be3 g5 43. Rc4 Kd6 44. h5 e5
45. Rc2 Kc6 46. Kf2 Nb5 47. Rd2 Nd4 48. Ra2 Rd8 49. a7 Ra8 50. Ra6+ Kd5 51.
Rxh6 Rxa7 52. Bxg5 Ra2+ 53. Kg3 Ra3 54. Rf6 e4 55. h6 Nxf3 56. Rf5+ Ke6 57.
Kf4 Nxg5 58. Rxg5 Rh3 59. Rxc5 Kf7 60. Rc7+ Kg8 61. g5 e3 62. Re7 Rh1 63.
Rxe3 Kf7 1-0

[Event "EuTCh"]
[Site "Leon ESP"]
[Date "2001.11.10"]
[Round "5"]
[White "Kallio,H"]
[Black "Muir,A"]
[Result "1-0"]
[WhiteElo "2517"]
[BlackElo "2313"]
[EventDate "2001.11.06"]

1. e4 c5 2. Nf3 Nc6 3. Bb5 g6 4. O-O Bg7 5. Re1 e5 6. c3 Nge7 7. Na3 O-O 8.
Nc2 d6 9. h3 a6 10. Bf1 h6 11. Ne3 Be6 12. a4 Na5 13. c4 Nac6 14. Nd5 Nd4
15. Nxd4 exd4 16. a5 Nxd5 17. cxd5 Bd7 18. d3 Qc7 19. Be2 f5 20. Bf3 c4 21.
dxc4 Qxc4 22. b3 Qc3 23. Bd2 Qc7 24. Bb4 Be5 25. Qd2 f4 26. Rac1 Qd8 27.
Bxd6 Bxd6 28. e5 Ba3 29. Rc4 Bb5 30. Rxd4 Bc5 31. Rde4 g5 32. b4 Ba7 33. e6
Qf6 34. e7 Rfc8 35. Bg4 Qc3 36. e8=Q+ Bxe8 37. Rxe8+ Kg7 38. Qxc3+ 1-0

[Event "EuTCh"]
[Site "Leon ESP"]
[Date "2001.11.10"]
[Round "5"]
[White "Upton,T"]
[Black "Norri,J"]
[Result "1-0"]
[WhiteElo "2303"]
[BlackElo "2418"]
[EventDate "2001.11.06"]

1. e4 e5 2. Nf3 Nc6 3. c3 Nf6 4. d4 Nxe4 5. d5 Ne7 6. Nxe5 Ng6 7. Qf3 Qf6
8. Nxg6 Qxg6 9. Bd3 f5 10. Nd2 Nxd2 11. Bxd2 d6 12. O-O Bd7 13. Rfe1+ Kf7
14. Re6 Qg4 15. Qe3 g6 16. Re1 Qh4 17. g3 Qd8 18. c4 Rg8 19. Bc3 Bg7 20.
Re7+ Kf8 21. Bxg7+ 1-0

[Event "EuTCh"]
[Site "Leon ESP"]
[Date "2001.11.10"]
[Round "5"]
[White "Holmsten,A"]
[Black "Berry,N"]
[Result "1-0"]
[WhiteElo "2422"]
[BlackElo "2255"]
[EventDate "2001.11.06"]

1. Nf3 Nf6 2. g3 g6 3. Bg2 Bg7 4. O-O O-O 5. d4 d5 6. Bf4 c6 7. c3 Qb6 8.
Qc1 Nbd7 9. Nbd2 a5 10. Ne5 Nh5 11. Nxd7 Bxd7 12. Bg5 Nf6 13. e4 dxe4 14.
Nxe4 Nxe4 15. Bxe4 e5 16. d5 cxd5 17. Bxd5 Be6 18. Rd1 Bxd5 19. Rxd5 Qc6
20. Qd2 b5 21. Rd1 e4 22. a3 Qc4 23. Bh6 Rfe8 24. Bxg7 Kxg7 25. Qe3 Qb3 26.
R1d2 Rab8 27. h4 h5 28. Rd7 b4 29. axb4 axb4 30. R2d6 Qc4 31. Rd4 Qe6 32.
cxb4 Rbc8 33. R4d6 Qf5 34. Rd1 Kg8 35. R7d5 Qg4 36. b5 Rc2 37. R5d2 Rxd2
38. Rxd2 Rc8 39. Re2 1-0

[Event "EuTCh"]
[Site "Leon ESP"]
[Date "2001.11.10"]
[Round "5"]
[White "Danner,G"]
[Black "Stohl,I"]
[Result "1/2-1/2"]
[WhiteElo "2416"]
[BlackElo "2534"]
[EventDate "2001.11.06"]

1. d4 Nf6 2. Nf3 e6 3. e3 b6 4. Bd3 Bb7 5. O-O c5 6. c4 g6 7. Nc3 Bg7 8. d5
exd5 9. cxd5 Nxd5 10. Nxd5 Bxd5 11. Bxg6 hxg6 12. Qxd5 Nc6 13. e4 Qf6 14.
Bg5 Qe6 15. Qd2 Ne5 16. Nxe5 Qxe5 17. Bf4 Qxb2 18. Qd5 O-O 19. Rad1 Qf6 20.
Bd6 Rfe8 21. e5 Qe6 22. Qb7 f6 23. f4 fxe5 24. Bxe5 Bxe5 25. fxe5 Rf8 26.
Rf6 Rxf6 27. Qxa8+ Rf8 28. Qxa7 Rf7 29. h3 Kg7 30. Qb8 Qxa2 31. Qxb6
1/2-1/2

[Event "EuTCh"]
[Site "Leon ESP"]
[Date "2001.11.10"]
[Round "5"]
[White "Neubauer,M"]
[Black "Markos,J"]
[Result "0-1"]
[WhiteElo "2434"]
[BlackElo "2435"]
[EventDate "2001.11.06"]

1. e4 c5 2. c3 Nf6 3. e5 Nd5 4. d4 cxd4 5. Nf3 Nc6 6. Bc4 Nb6 7. Bb3 d5 8.
exd6 Qxd6 9. Na3 a6 10. O-O e6 11. cxd4 Be7 12. Qe2 O-O 13. Rd1 Nd5 14. Nc4
Qd8 15. Nce5 Bd7 16. Be3 Rc8 17. Rac1 Be8 18. a3 f6 19. Nd3 Bf7 20. Nc5 Rc7
21. Ba4 Qc8 22. b4 a5 23. Bxc6 Rxc6 24. Bd2 b6 25. b5 Rc7 26. Na6 Rxc1 27.
Rxc1 Qb7 28. Qd3 Rc8 29. Ne1 Bd6 30. a4 Bg6 31. Qb3 Kf7 32. h4 h5 33. Rc4
Ne7 34. Rxc8 Qxc8 35. g3 Qb7 36. Qc4 Qd5 37. Qxd5 Nxd5 38. Kf1 Bb1 39. Ke2
Ba2 40. Nd3 Bb3 41. Nac5 bxc5 42. dxc5 Bb8 43. Bxa5 Bxa4 44. b6 Ne7 45. Be1
Ke8 46. f3 Nc6 47. Bf2 Bb5 48. Kd2 Bxd3 49. Kxd3 Nb4+ 50. Kc4 Nc6 51. g4 g6
52. Bd4 f5 53. g5 Bg3 54. Be3 e5 55. b7 Bxh4 56. f4 Bg3 0-1

[Event "EuTCh"]
[Site "Leon ESP"]
[Date "2001.11.10"]
[Round "5"]
[White "Bogdanovski,V"]
[Black "Quinn,M"]
[Result "1/2-1/2"]
[WhiteElo "2430"]
[BlackElo "2387"]
[EventDate "2001.11.06"]

1. d4 Nf6 2. Nf3 e6 3. c4 d5 4. g3 dxc4 5. Bg2 c5 6. O-O Nc6 7. Ne5 Bd7 8.
Na3 cxd4 9. Naxc4 Rc8 10. Qb3 Nxe5 11. Nxe5 Bc6 12. Nxc6 bxc6 13. Rd1 Qd7
14. Bf4 Be7 15. e3 c5 16. exd4 c4 17. Qf3 Nd5 1/2-1/2

[Event "EuTCh"]
[Site "Leon ESP"]
[Date "2001.11.10"]
[Round "5"]
[White "Heidenfeld,M"]
[Black "Mitkov,N"]
[Result "1/2-1/2"]
[WhiteElo "2382"]
[BlackElo "2514"]
[EventDate "2001.11.06"]

1. e4 d6 2. d4 Nf6 3. f3 e5 4. dxe5 dxe5 5. Qxd8+ Kxd8 6. Bc4 Ke8 7. Be3
Nbd7 8. Nd2 Nb6 9. Bb3 Nfd7 10. Ne2 Bc5 11. Kf2 a5 12. c3 Ke7 13. Nc1 Bxe3+
14. Kxe3 Nc5 15. Nc4 Nxc4+ 16. Bxc4 Na4 17. Nd3 Nb6 18. Bb3 a4 19. Bc2 Nc4+
20. Ke2 Rd8 21. Rhc1 f5 22. b3 fxe4 23. bxc4 exd3+ 24. Bxd3 h6 25. a3 Ra6
26. Rab1 Rad6 27. Bc2 Rd2+ 28. Kf1 g5 29. Rb4 Kf6 30. Rxa4 Bd7 31. Rb4 Bc6
32. c5 h5 33. Be4 Bxe4 34. Rxe4 Ra2 35. Re2 Rxa3 36. Rb2 Rd5 37. Rxb7 Ra2
38. Rxc7 Rdd2 39. g4 hxg4 40. fxg4 Rf2+ 41. Kg1 Rg2+ 42. Kh1 Rxh2+ 43. Kg1
Rag2+ 44. Kf1 Rxg4 45. Rd1 Rg3 46. Rc8 Kf5 47. Re1 Rxc3 48. Kg1 Ra2 49.
Rf8+ Kg4 50. Rxe5 Rc1+ 51. Rf1 Rcc2 52. Rfe1 Kh4 53. c6 g4 54. c7 Rg2+ 55.
Kh1 Rh2+ 56. Kg1 Rag2+ 57. Kf1 Rc2 58. R5e2 g3 59. Rxc2 Rxc2 60. Kg1 Kh3
61. c8=Q+ Rxc8 62. Ra1 Rc3 63. Rb1 Kg4 64. Kg2 Rc2+ 65. Kg1 Re2 66. Ra1 Kf3
67. Ra3+ Re3 68. Rxe3+ Kxe3 69. Kg2 Kf4 70. Kg1 Kg5 71. Kg2 Kg4 72. Kg1 Kh3
73. Kh1 g2+ 74. Kg1 Kg3 1/2-1/2

[Event "EuTCh"]
[Site "Leon ESP"]
[Date "2001.11.10"]
[Round "5"]
[White "Nedev,T"]
[Black "Brady,S"]
[Result "1/2-1/2"]
[WhiteElo "2514"]
[BlackElo "2333"]
[EventDate "2001.11.06"]

1. e4 e6 2. d4 d5 3. Nd2 Nf6 4. e5 Nfd7 5. c3 c5 6. Ngf3 Nc6 7. Bd3 a5 8.
O-O cxd4 9. cxd4 Nb6 10. Re1 Bd7 11. Nf1 Nb4 12. Bb1 Be7 13. Ng3 h5 14. Ne2
Bb5 15. Nc3 Bc4 16. Nd2 Ba6 17. Nb3 Nd7 18. Re3 Qc7 19. a3 Nc6 20. Bd3 Bxd3
21. Rxd3 a4 22. Nd2 Qa5 23. Nf3 b5 24. Bg5 Nb6 25. Bxe7 Nxe7 26. Na2 Nc4
27. Rb1 Nf5 28. Nb4 Rc8 29. Ne1 g6 30. Rh3 O-O 31. Nf3 Qd8 32. Nd3 Na5 33.
Nf4 Nb3 34. Ne2 Rc4 35. Nd2 Nxd2 36. Qxd2 Qe7 37. Rc3 1/2-1/2

[Event "EuTCh"]
[Site "Leon ESP"]
[Date "2001.11.10"]
[Round "5"]
[White "O'Cinneide,M"]
[Black "Jacimovic,D"]
[Result "0-1"]
[WhiteElo "2249"]
[BlackElo "2486"]
[EventDate "2001.11.06"]

1. c4 Nf6 2. g3 g6 3. Bg2 d5 4. cxd5 Nxd5 5. Nc3 Nb6 6. d3 Bg7 7. Be3 Nc6
8. Nf3 O-O 9. Qd2 Re8 10. Bh6 Bh8 11. h4 e5 12. h5 Nd4 13. hxg6 hxg6 14.
Nxd4 exd4 15. Ne4 Nd5 16. O-O-O f6 17. Bf8 Ne3 18. Ba3 Ng4 19. Bf3 Bg7 20.
Rh4 Ne5 21. Rdh1 g5 22. R4h2 Nxf3 23. exf3 Qd5 24. Qe2 Bf5 25. b3 a5 26.
Qc2 a4 27. Qc4 Be6 28. Bb2 axb3 29. axb3 c5 30. Kb1 b6 31. Re1 Qd7 32. Qc2
Bf7 33. Rhh1 Qa7 34. Nd6 Qa2+ 35. Kc1 Rxe1+ 36. Rxe1 Qxb3 37. Qe2 Qd5 38.
Nxf7 Qxf7 39. Qe4 Rb8 40. Qc6 Kh8 41. Qd6 Re8 42. Rh1+ Kg8 43. Qxb6 Qd5 44.
Qb5 Re2 45. Ba3 Bf8 46. Rd1 Qxf3 47. Qc4+ Kg7 48. Bxc5 Bxc5 49. Qxc5 Qa8
0-1

[Event "EuTCh"]
[Site "Leon ESP"]
[Date "2001.11.10"]
[Round "5"]
[White "Godena,M"]
[Black "Galego,L"]
[Result "1/2-1/2"]
[WhiteElo "2496"]
[BlackElo "2503"]
[EventDate "2001.11.06"]

1. e4 c5 2. Nf3 e6 3. c3 Nf6 4. e5 Nd5 5. d4 cxd4 6. cxd4 d6 7. Bc4 Nb6 8.
Bd3 Nc6 9. O-O dxe5 10. dxe5 Nb4 11. Be4 Qxd1 12. Rxd1 f5 13. exf6 gxf6 14.
Nc3 f5 15. Bb1 Bg7 16. a3 Na6 17. Ba2 Bd7 18. Bf4 Bxc3 19. bxc3 Nc5 20. Ne5
Ba4 21. Re1 Bb3 22. Be3 Nba4 23. Bxb3 Nxb3 24. Rad1 O-O 25. Bh6 Rfd8 26.
Rb1 Nbc5 27. Re3 Ne4 28. f3 Nd6 29. f4 Ne4 30. Rxe4 fxe4 31. Rxb7 Rf8 32.
Rg7+ Kh8 33. Rg3 Rf5 34. Bg7+ Kg8 35. Bh6+ Kh8 36. Bg7+ Kg8 37. Bh6+ Kh8
38. Bg7+ 1/2-1/2

[Event "EuTCh"]
[Site "Leon ESP"]
[Date "2001.11.10"]
[Round "5"]
[White "Fernandes,An"]
[Black "Arlandi,E"]
[Result "1-0"]
[WhiteElo "2457"]
[BlackElo "2453"]
[EventDate "2001.11.06"]

1. e4 c5 2. Nf3 e6 3. d4 cxd4 4. Nxd4 Nf6 5. Nc3 d6 6. Be3 a6 7. Be2 Qc7 8.
f4 Be7 9. O-O O-O 10. Kh1 Nc6 11. Qe1 Nxd4 12. Bxd4 b5 13. a3 Bb7 14. Qg3
Bc6 15. Rad1 Qb7 16. Bf3 Rac8 17. Rfe1 b4 18. axb4 Qxb4 19. Nd5 Bxd5 20.
Bc3 Qa4 21. exd5 Qxc2 22. dxe6 Rc7 23. Be4 Qa4 24. Bxf6 Bxf6 25. exf7+ Kh8
26. Qh3 1-0

[Event "EuTCh"]
[Site "Leon ESP"]
[Date "2001.11.10"]
[Round "5"]
[White "D'Amore,C"]
[Black "Pinheiro,J"]
[Result "1/2-1/2"]
[WhiteElo "2456"]
[BlackElo "2339"]
[EventDate "2001.11.06"]

1. Nf3 Nf6 2. g3 c5 3. c4 Nc6 4. d4 cxd4 5. Nxd4 Qa5+ 6. Nc3 Ne4 7. Ndb5 a6
8. Nc7+ Qxc7 9. Nxe4 d6 10. Bg2 e6 11. O-O Be7 12. Bf4 e5 13. Be3 Be6 14.
Nc3 O-O 15. Nd5 Bxd5 16. cxd5 Nd4 17. Bxd4 exd4 18. Qxd4 Bf6 19. Qd2 Qb6
20. Bh3 Rfe8 21. e3 Re4 22. Rab1 Rb4 23. b3 a5 24. Qd3 g6 25. a4 Re8 26.
Rfc1 h5 27. Bd7 Re7 28. Rc8+ Kg7 29. Bb5 Rbe4 30. Kg2 h4 31. Rbc1 R4e5 32.
R1c4 Rf5 33. gxh4 Rh5 34. Re4 Rc7 35. Rxc7 Qxc7 36. Qc4 Qb6 37. h3 Be5 38.
Rg4 Qd8 39. f4 Bf6 40. Qe4 Rxh4 41. Rxh4 Bxh4 42. Qd4+ Qf6 43. Qxf6+ Kxf6
44. Kf3 Be1 45. Ke2 Bb4 46. h4 b6 47. Bd7 Ke7 48. Bc8 Kd8 49. Bg4 Ke7 50.
Bc8 Kd8 51. Ba6 Ke7 52. e4 Kf6 53. Kf3 Be1 54. Kg4 Bf2 55. Bc8 Be1 56. Bd7
Bf2 57. Be8 Ke7 58. Bb5 Kf6 59. f5 Bd4 60. Bc6 Bc3 61. Be8 Bb4 62. fxg6
1/2-1/2

[Event "EuTCh"]
[Site "Leon ESP"]
[Date "2001.11.10"]
[Round "5"]
[White "Frois,A"]
[Black "Belotti,B"]
[Result "1/2-1/2"]
[WhiteElo "2367"]
[BlackElo "2403"]
[EventDate "2001.11.06"]

1. e4 d5 2. exd5 Qxd5 3. Nc3 Qa5 4. d4 Nf6 5. Bc4 c6 6. Nf3 Bf5 7. Bd2 e6
8. Bb3 Qc7 9. Qe2 Nbd7 10. O-O-O O-O-O 11. Rhe1 Bb4 12. Kb1 Bxc3 13. Bxc3
Ne4 14. Bd2 Ndf6 15. Be3 Nd5 16. Ka1 h6 17. h3 Rhe8 18. Ne5 c5 19. Nf3 a6
20. c3 Kb8 21. Rc1 1/2-1/2